1549 1508 1998 1655 1156 1797 1682 1700 1625 1882 1477 1221 1424 1573 1119 1098 1362 1342 1639 1220 1424 1668 1816 1615 1018 1731 1446 1267 1665 1099 1836 1452 1805 1557 1791 1238 1796 1321 1275 1051 1432 1789 1734 1749 1898 1182 1046 1932 1428 1295 1266 1434 1441 1673 1690 1009 1506 1000 1855 1638 1598 1485 1454 1497 1905 1101 1326 1232 1289 1484 1629 1101 1291 1375 1852 1898 1833 1094 1799 1169 1383 1874 1805 1477 1010 1073 1454 1775 1277 1891 1163 1579 1171 1283 1264 1673 1723 1357 1653 BCNSPRNW ULIB Ver.6.0+V

เปลี่ยนเป็นภาษาไทย

Change to English
 แสดงรายละเอียดบรรณานุกรม
  กลับหน้าหลัก

Brief Record : Get Marc (ISO 2709) : E-mail record : QR code < ปิดหน้าต่าง
LEADER : 00000nam 2200000uu 4500
001    13399111453
003     ULIB
008    110627s||||||||th 000 0 tha d
020    9786165001298
090    นว.^bณ429ค 2554
100 0  ณารา
245 00 คุณชายธราธร/^cณารา
250    พิมพ์ครั้งที่ 4
260    กรุงเทพฯ :^bพิมพ์คำ,^c2554
300    420 หน้า
490 0  นวนิยายชุด สุภาพบุรุษจุฑาเทพ
945    ^p260^l0^i030168
995    ทศพร
999 ^a ใช้งานได้ทุกระบบ
รายการนี้ยังไม่มีแท็ก
คุณยังไม่ได้ล็อกอิน คุณสามารถมีกิจกรรมร่วมกับเว็บไซต์ได้ แต่ต้องล็อกอินก่อน ::
  ล็อกอิน

รายการสื่อสารสนเทศ

ลำดับที่ ประเภท เลขเรียก/บาร์โค้ด สถานที่ สถานะ
- ไม่พบข้อมูล -

รายการใกล้เคียง
    ผู้แต่ง [ณารา]

BibComment


ยังไม่เคยถูกคอมเมนท์

คอมเมนท์ทรัพยากรรายการนี้
  คอมเมนท์: คุณชายธราธร ณารา


 Copyright 2026. Bcnsprnw @Library